Transports d'Ile de France : Correspondances - Statistiques

Statistiques générales
  • Ce quiz a été pris 49 fois
  • Le résultat moyen est 100 sur 196
Statistiques - réponses
Lignes en correspondance Station % Correct
M3,7,8,9,12,13,14/RER A,E/Transilien J,L/TER NOMAD Saint-Lazare/Havre - Caumartin/Opéra/Saint-Augustin/Auber/Haussmann - Saint-Lazare
95%
M2,4,5/RER B,D,E/Transilien H,K/TGV/TER HDF/Eurostar Gare du Nord/Magenta/La Chapelle
93%
M1,4,7,11,14/RER A,B,D Châtelet [Pont au Change (M7)]/Châtelet-les-Halles
91%
M1,14/RER A,D/Transilien R/TGV/Lyria/TER MOBIGO Gare de Lyon
91%
M1/RER A,E/Transilien L,U/T2 La Défense (Grande Arche)
89%
M4,5,7/Transilien P/TGV/TER FLUO Gare de l'Est (Verdun)/Château-Landon
86%
M4,6,12,13/Transilien N/TGV REMI,NOMAD,ALEOP Montparnasse - Bienvenue/Gare Montparnasse
84%
M1,2,6/RER A Charles de Gaulle - Etoile
82%
M1,2,6,9/RER A Nation
82%
M14/RER D Saint-Denis - Pleyel/Stade de France - Saint-Denis
77%
M4,8,9 Strasbourg - Saint-Denis
77%
M13/T1 Basilique de Saint-Denis (Hôtel de Ville)
75%
M1/RER C,E/T3b Porte Maillot (Palais des Congrès)/Neuilly - Porte Maillot
75%
M1,5,8 Bastille
73%
M5,10/RER C/TER REMI Gare d'Austerlitz
73%
M8,12,14 Madeleine
73%
M13/T8 Saint-Denis - Porte de Paris (Stade de France)
73%
RER C/Transilien N,U,V/TGV/TER REMI Versailles - Chantiers
73%
M1,8,12 Concorde
70%
M1,11 Hôtel de Ville
70%
RER C/T2 Issy - Val de Seine
70%
RER B,C/Transilien V/T12/TGV Massy - Palaiseau/Massy - TGV
70%
RER B,C Massy - Verrières
70%
M3,5,8,9,11 République
70%
RER A/Transilien L Cergy-le-Haut
68%
RER A/Transilien L Cergy - Préfecture
68%
RER A/Transilien L Cergy - Saint-Christophe
68%
T1,5 Marché de Saint-Denis
68%
RER D/Transilien H/T1,8 Saint-Denis (L'île-Saint-Denis)
68%
RER B/TGV Aéroport Charles de Gaulle 2 - TGV
66%
M3,11 Arts et Métiers
66%
M6,14 Bercy
66%
M14/RER C Bibliothèque François Mitterrand
66%
RER E/T3b (par la voie publique) Pantin/Ella Fitzgerald
66%
M3bis,11/T3b Porte des Lilas
66%
M1/T3a,3b Porte de Vincennes
66%
M7,14 Pyramides
66%
M2,5,7 Stalingrad
66%
M2,4 Barbès - Rochechouart
64%
M5/T1 Bobigny - Pablo Picasso (Préfecture - Hôtel du Département)
64%
M8,9 Bonne Nouvelle
64%
M1,13 Champs-Elysées - Clemenceau (Grand Palais)
64%
M8,13/RER C Invalides
64%
M2,5,7bis Jaurès
64%
RER A/Transilien L Nanterre - Université
64%
M1,7 Palais-Royal - Musée du Louvre
64%
M13,14/RER C/T3b Porte de Clichy (Tribunal de Paris)
64%
M6,8 Daumesnil (Félix Eboué)
61%
M5,6,7 Place d'Italie
61%
M8/C1 Pointe du Lac (Créteil)
61%
M1,8 Reuilly - Diderot
61%
M4,10/RER B,C Saint-Michel/Cluny - La Sorbonne/Saint-Michel - Notre Dame
61%
M7/T7 Villejuif - Louis Aragon
61%
M8/T2,3a (par la voie publique) Balard/Suzanne Lenglen
59%
M4,6/RER B Denfert-Rochereau (Colonel Rol-Tanguy)
59%
M1,9 Franklin D Roosevelt
59%
M3,3bis Gambetta
59%
M7,10 Jussieu
59%
M7,7bis Louis Blanc
59%
M7,14 Maison Blanche
59%
M5,9 Oberkampf
59%
M2,12 Pigalle
59%
M2,13 Place de Clichy
59%
M8/T3a Porte de Charenton
59%
M5/T3b Porte de Pantin (Parc de La Villette)
59%
M4/T3a Porte d'Orléans
59%
M14/RER C Thiais - Orly (Pont de Rungis)/Pont de Rungis - Aéroport d'Orly
59%
M2,3 Villiers
59%
M2,11 Belleville
57%
M6/RER C Bir-Hakeim (Tour Eiffel)/Champ de Mars - Tour Eiffel
57%
M8,9 Grands Boulevards
57%
Transilien K/TER HDF Le Plessis-Belleville
57%
M6,12 Pasteur
57%
M9/T2 (par la voie publique) Pont de Sèvres/Musée de Sèvres
57%
M2/RER C/T3b Porte Dauphine (Maréchal de Lattre de Tassigny)/Avenue Foch
57%
M12/T2,3a Porte de Versailles (Parc des Expositions de Paris)
57%
M7/T3a Porte d'Italie
57%
M11/RER E Rosny - Bois-Perrier
57%
Transilien J/TER NOMAD Rosny-sur-Seine
57%
M14/RER C Saint-Ouen
57%
RER C/Transilien H Saint-Ouen-l'Aumône
57%
RER C/Transilien H Saint-Ouen-l'Aumône - Liesse
57%
M10,12 Sèvres - Babylone
57%
Transilien L,U Sèvres - Ville d'Avray
57%
M6,9 Trocadéro
57%
RER A,E Val de Fontenay
57%
M9,13 Miromesnil
55%
M14/Transilien L Pont Cardinet
55%
M3/T3b Porte de Champerret
55%
M9/T3b Porte de Montreuil
55%
M7/T3a Porte d'Ivry
55%
M10,13 Duroc
52%
RER A/Transilien J,L Houilles - Carrières-sur-Seine
52%
M10/RER C Javel - André Citroën/Javel
52%
M6,8,10 La Motte Picquet - Grenelle
52%
M13,14 Mairie de Saint-Ouen
52%
M9,10 Michel-Ange - Molitor
52%
M4,10 Odéon
52%
M2,3 Père Lachaise
52%
M3/T3b Porte de Bagnolet
52%
M13/T3a Porte de Vanves
52%
M8/T3a Porte Dorée
52%
RER E/T3b Rosa Parks
52%
RER A/T13 Saint-Germain-en-Laye
52%
M12/RER C (par la voie publique) Solférino (Musée d'Orsay)/Musée d'Orsay (Valéry Giscard d'Estaing)
52%
M10/T2/Transilien L,U (par la voie publique) Boulogne - Pont de Saint-Cloud (Rhin et Danube)/Parc de Saint-Cloud/Saint-Cloud
50%
M13/T6 Châtillon - Montrouge
50%
M7,9 Chaussée d'Antin - La Fayette
50%
M4,12 Marcadet - Poissonniers
50%
RER A/TGV Marne-la-Vallée - Chessy (Parcs Disneyland)
50%
M9,10 Michel-Ange - Auteuil
50%
RER A/Transilien J Poissy
50%
M7/T3a,9 Porte de Choisy
50%
M4/T3b Porte de Clignancourt
50%
M12/T3b Porte de La Chapelle
50%
M13/T3b Porte de Saint-Ouen
50%
M4,6 Raspail
50%
M3,4 Réaumur - Sébastopol
50%
RER A/Transilien J,L Conflans - Fin d'Oise
48%
M7/T1 La Courneuve - 8 mai 1945
48%
M9/RER C La Muette (Musée Marmottan-Monet)/Boulainvilliers
48%
RER D/Transilien R/TER MOBIGO Melun
48%
M3/RER C Pereire (Maréchal Juin)/Pereire - Levallois
48%
M7bis,11 Place des Fêtes
48%
M7/T3b Porte de La Villette (Cité des Sciences et de l'Industrie)
48%
M8,9 Richelieu - Drouot
48%
M9/RER C (par la voie publique) Alma - Marceau/Pont de l'Alma (Musée du Quai Branly - Jacques Chirac)
45%
RER B/Transilien K/T4 Aulnay-sous-Bois
45%
RER E/T4 Bondy
45%
RER B/T3a Cité Universitaire
45%
RER C,D Juvisy
45%
RER A/Transilien L Sartrouville
45%
RER A/Transilien L Achères - Ville
43%
RER E/Transilien P Chelles - Gournay
43%
RER D/Transilien H/TER HDF Creil
43%
M13/T1 Les Courtilles (Asnières - Gennevilliers)
43%
RER A/Transilien L Maisons-Laffitte
43%
RER E/T1 Noisy-le-Sec
43%
RER D/T12 Evry-Courcouronnes (Centre)
41%
RER B/T11 Le Bourget
41%
Transilien J,N/TGV/TER NOMAD Mantes-la-Jolie
41%
M7bis/T3b (par la voie publique) Pré-Saint-Gervais/Hôpital Robert Debré
41%
RER C/Transilien N,U/TER REMI Saint-Quentin-en-Yvelines (Montigny-le-Bretonneux)
41%
RER E/Transilien P Tournan
41%
RER C/T12 Epinay-sur-Orge
39%
RER C/T11 Epinay-sur-Seine
39%
Transilien H/T11 Epinay - Villenateuse
39%
RER D/T5 Garges - Sarcelles
39%
RER B/T10 La Croix de Berny
39%
RER A/Transilien L Neuville - Université
39%
Transilien L,U/T2 Puteaux
39%
RER C/Transilien H,J Ermont - Eaubonne
36%
RER C/T1 Gennevilliers
36%
RER D/T11 Pierrefitte - Stains
36%
RER C/T3a Pont du Garigliano (Hôpital Européen Georges Pompidou)
36%
RER C/Transilien H,J Pontoise
36%
RER C/Transilien N,U/T13 Saint-Cyr
36%
Transilien L/T6 Viroflay - Rive Droite
36%
RER C/Transilien N/T6 Viroflay - Rive Gauche
36%
M14/T7 Chevilly-Larue (Marché International)
34%
RER B/Transilien K Mitry - Claye
34%
RER C/T7 Rungis - La Fraternelle
34%
Transilien R/TER REMI,MOBIGO Montargis
32%
RER C/Transilien H Montigny - Beauchamp
32%
Transilien J,L Asnières-sur-Seine
30%
Transilien P/TER FLUO Château-Thierry
30%
Transilien L,U Chaville - Rive Droite
30%
RER C/TER REMI Dourdan
30%
Transilien P/T14 Esbly
30%
RER C/TER REMI Etampes
30%
Transilien L/T2 (par la voie publique) La Val d'Or/Les Côteaux
30%
Transilien N/TER REMI Rambouillet
30%
Transilien L,U/T2 (par la voie publique) Suresnes - Mont Valérien/Suresnes - Longchamp
30%
Transilien N,U Trappes
30%
RER C/Transilien H Cernay
27%
RER C/T9 Les Saules
27%
RER D/TER HDF Orry-la-Ville - Coye-la-Forêt
27%
T8,11 Villetaneuse - Université
27%
RER D/TER HDF Chantilly - Gouvieux
25%
Transilien N/TER REMI Dreux
25%
RER C/Transilien H Franconville - Le Plessis Bouchard
25%
Transilien L/T2 (par la voie publique) La-Garenne-Colombes/Charlebourg
25%
Transilien R/TER MOBIGO Montereau
25%
RER C/Transilien H Pierrelaye
25%
Transilien J/TER NOMAD Vernon - Giverny
25%
T6,10 Hôpital Béclère
23%
Transilien N, U La Verrière
23%
Transilien K/TER HDF Crépy-en-Valois
20%
Transilien J,N Epône - Mezières
20%
Transilien H/TER HDF Persan - Beaumont
20%
Transilien P/TER FLUO La-Ferté-sous-Jouarre
18%
Transilien R/TER REMI Nemours - Saint-Pierre
18%
Transilien L/T13 Saint-Nom-la-Bretèche - Forêt de Marly
18%
Transilien K/TER HDF Dammartin - Juilly - Saint-Mard
16%
Transilien J/TER NOMAD Bonnières
14%
Transilien K/TER HDF Nanteuil-le-Haudouin
11%
Aucun quiz correspondant
Distribution des résultats
% des personnes avec chaque résultat
Percentile par nombre de réponses
Votre historique - résultats
Vous n’avez pas pris ce quiz